000 00607nam a2200205 i 4500
001 37543
003 ES-MaACL
005 20230906155609.0
007 t|
008 030221s1977 sp ||||1| spa d
100 1 _aBuencasa, Manuel.
_932364
245 1 3 _aEl movimiento obrero español
_b: 1886-1926 : historia y crítica /
_cManuel Buencasa.
250 _a[1ª ed.].
260 _aMadrid :
_bJúcar,
_c[1977]
300 _a239 p. ;
_c20 cm.
490 1 _aCrónica general de España
830 0 _aCrónica general de España
_9181791
852 _aES-MaACL
_jA-8914
_bR.97970
999 _c37543
_d37543